| 000 | 00444 a2200157 4500 | ||
|---|---|---|---|
| 005 | 20250613082304.0 | ||
| 020 | _a978-0-07-297967-1 | ||
| 082 | _a658.4 WIL | ||
| 100 | _aWILSON, H. J | ||
| 245 | _aBusiness Forecasting With Accompanying Excel-Based ForecastX Software | ||
| 250 | _a5th Ed | ||
| 260 |
_aBoston _bMcGraw-Hill Irwin _c2007 |
||
| 300 |
_aix,461p.: ill.; figures, table _bindex _c23 cm |
||
| 700 | _aBarry Keating | ||
| 942 |
_2ddc _cBKS |
||
| 999 |
_c3792 _d3792 |
||